| 000 | 00589nfm a22001697a 4500 | ||
|---|---|---|---|
| 999 |
_c19665 _d19665 |
||
| 005 | 20180305152705.0 | ||
| 008 | 170616b ck ||||| |||| 00| 0 spa d | ||
| 040 |
_aCO-BoIAVH _cCO-BoIAVH |
||
| 041 | _aspa | ||
| 044 | _ack | ||
| 090 |
_aFG- _b0192 |
||
| 110 | 2 |
_aRed Amazónica de Información Socioambiental Georreferenciada _990134 |
|
| 245 |
_aAmazonia 2009 : _bÁreas protegidas territorios indígenas |
||
| 260 |
_aBogotá: _bRed Amazónica de Información Socioambiental Georreferenciada, _c2009. |
||
| 300 |
_amapa plegabe _bilustraciones a color _c18 x 25 cm |
||
| 942 |
_2z _cFolleto |
||